Personajes de Astérix por imagen - Estadísticas

Estadísticas generales
  • Esta prueba ha sido intentada 32 veces
  • La puntuación promedio es 9 de 20
Estadísticas de respuestas
Imagen Respuesta % Correcto
Astérix
100%
Obélix
100%
Cleopatra
96%
Julio César
88%
Panorámix
84%
Idéfix
76%
Asurancetúrix
44%
Abraracúrcix
40%
Edadepiédrix
40%
Karabella
40%
Falbala
36%
Brutus
28%
Ordenalfabétix
28%
Esautomátix
24%
Barbarroja
20%
Numerobis
16%
Tragicomix
12%
Sopalajo de Arriérez y Torrezno
8%
Baba
4%
Latraviata
0%
No se encontraron pruebas coincidentes
Distribución de puntuación
Porcentaje de gente con cada puntuación
Porcentaje por número respondido
Historial de tus puntuaciones
No has intentado esta prueba.